| 000 | 00751nam a2200229 a 4500 | ||
|---|---|---|---|
| 999 |
_c4325 _d4325 |
||
| 001 | 4325 | ||
| 003 | BD-JhCC | ||
| 005 | 20171126160313.0 | ||
| 008 | 171126s2008 bg a|||| ||a| 000 0 ben d | ||
| 020 | _a9840746510 | ||
| 035 | _a(BD-JhCC)4325 | ||
| 040 |
_aBD-JhCC _dBD-JhCC |
||
| 041 | _aben | ||
| 082 |
_a634.92 _bBIS 2008 |
||
| 100 | _aবিশ্বাস, মোঃ আয়েন উদ্দিন | ||
| 245 |
_aআধুনিক নার্সারী ও বৃক্ষরোপন / _cমোঃ আয়েন উদ্দিন বিশ্বাস, |
||
| 260 |
_aঢাকা : _bবাংলা একাডেমী, _c2008 |
||
| 300 |
_a232 p. : _c21 cm. |
||
| 650 | _aTree Planting | ||
| 942 |
_2ddc _cBK |
||